000 00544nam a2200193 i 4500
001 146405
003 ES-MaACL
005 20250629063129.0
007 t|
008 070907s1960 sp ||||1| spa d
080 _a86-14"19"
100 1 _aTovar, Antonio,
_d1911-1985
_9111167
245 1 3 _aEl tren y las cosas /
_cAntonio Tovar.
260 _aOrense :
_bLa Comercial,
_c1960.
300 _a83 p. :
_bil. ;
_c19 cm.
500 _aPremio de poesía "Marina"
852 _aES-MaACL
_jC-19089
_bR.46431
999 _c146405
_d146405